000 00745nam a2200241Ia 4500
003 OSt
005 20220923223715.0
006 a|||||r|||| 00| 0
007 ta
008 220922b |||||||| |||| 00| 0 hin d
024 _a220,380
037 _cTextual
040 _aARTS
_cARTS
_bhin
041 _2hin
_ahin
082 _aO152,1:gK, P4
100 _aपाण्डेय, रतन कुमार
245 0 _aमध्यकालीन कवि और कविता
246 _aMadhyakālīn kavi aur kavitā
260 _aदिल्ली
_b अनंग
_c2004
300 _a272i`
_ccm.
942 _hO152,1:gK, P4
_cTEXL
_2CC
999 _c366853
_d366853